000
00329nam a2200133Ia 4500
005
20251222144851.0
008
251222s9999||||xx |||||||||||||| ||spa||
020
_a
978-84-7360-481-9
082
_a
625.1/A49
100
_a
Álvarez Stein, Alejandro
245
0
_a
Técnica Ferroviaria
264
_b
Ediciones Tébar
942
_c
LIB
999
_c
21592
_d
21592